Normal view MARC view
  • Supervisor Col. Dr. Kunwar Faraz

Entry Corporate Name

Number of records used in: 2

001 - CONTROL NUMBER

  • control field: 122852

003 - CONTROL NUMBER IDENTIFIER

  • control field: NUST

005 - DATE AND TIME OF LATEST TRANSACTION

  • control field: 20240522153043.0

008 - FIXED-LENGTH DATA ELEMENTS

  • fixed length control field: 240522|| aca||aabn | a|a d

040 ## - CATALOGING SOURCE

  • Original cataloging agency: NUST
  • Transcribing agency: NUST

110 ## - HEADING--CORPORATE NAME

  • Corporate name or jurisdiction name as entry element: Supervisor Col. Dr. Kunwar Faraz

670 ## - SOURCE DATA FOUND

  • Source citation: Work cat.: (NUST): aqlain Zareef M. Danyal Aftab Umair Baig Mirza Yousaf Usman Daud 122851, PR-SOF-2317-Design And Development of A Power Supply Card For X-Ray Baggage Scanner, 2023.
© 2023 Central Library, National University of Sciences and Technology. All Rights Reserved.